Score 0/18 Timer 04:00
5 Plays Today
Question Answer Wrong Answers
Cadbury Fingers Real British Snack
91.2%
AI-Generated Snack
4.7%
Twiglets Real British Snack
86%
AI-Generated Snack
9.7%
Mr. Kipling's Cherry Bakewells Real British Snack
85.4%
AI-Generated Snack
10.1%
McVitie's Hobnobs Real British Snack
82.3%
AI-Generated Snack
13.4%
Edible Shredding Dumpkins AI-Generated Snack
76.4%
Real British Snack
19.4%
Baked Wotsits Real British Snack
76.3%
AI-Generated Snack
19.1%
Puff-o-Matic Gobblers AI-Generated Snack
75.9%
Real British Snack
20.1%
Downright Cheeky Bunchies AI-Generated Snack
75.4%
Real British Snack
20.1%
Dr. Muffin’s Glitzy Spiced Sausage Flakes AI-Generated Snack
73%
Real British Snack
22.7%
Dutch Ducky Whiskins AI-Generated Snack
72.3%
Real British Snack
23%
Duck-a-Doodle-Doo Stix AI-Generated Snack
72%
Real British Snack
23.7%
Roast Beef Monster Munch Real British Snack
69.5%
AI-Generated Snack
26.2%
Easy Peasy Mummy Snacks AI-Generated Snack
67%
Real British Snack
28.9%
Curly Wurly Squirlies Real British Snack
65.1%
AI-Generated Snack
30.9%
Pickled Onion Space Raiders Real British Snack
64.7%
AI-Generated Snack
31.3%
Jiggy Biscuit Chews AI-Generated Snack
64.5%
Real British Snack
31.2%
Derby Puddles AI-Generated Snack
57.6%
Real British Snack
38.3%
Dinky Deckers Real British Snack
54.5%
AI-Generated Snack
41.2%

Today's Daily Dose

Missing Word
The Unexplained

Quick Pick
Sunday Things

Get the Picture
Beat It or Eat It?

You're not logged in!

Compare scores with friends on all Sporcle quizzes.
OR
Log In

Sporcle TV

Today on Sporcle TV


Watch our educational content, quiz creation guides, and fun videos on Sporcle TV.

Show Comments

Extras

Top Quizzes Today


Score Distribution

Paid Content

Your Account Isn't Verified!

In order to create a playlist on Sporcle, you need to verify the email address you used during registration. Go to your Sporcle Settings to finish the process.

Report this User

Report this user for behavior that violates our Community Guidelines.

Details: